El orden y los juegos. El positivismo lógico cuestionado /

Bibliographic Details
Main Author: Lecourt, Dominique
Format: Libro
Language:English
Published: Buenos Aires La Flor 1984
Edition:1a.ed.
Series:Texto de lectura 1
Subjects:
Online Access:

MARC

LEADER 00000cam a2200000 a 4500
001 001132
003 UAHC_CL
005 20170803115715.0
008 010822b xx j 000 1 eng
020 |a 9505159013 
040 |a UAHC_CL  |c UAHC_CL  |d UAHC_CL 
082 0 4 |a 146.4 L468 
100 1 |a Lecourt, Dominique 
245 1 3 |a El orden y los juegos. El positivismo lógico cuestionado /  |c Dominique Lecourt. 
250 |a 1a.ed. 
260 |b La Flor  |c 1984  |a Buenos Aires 
300 |a 357 p. 
490 0 |a Texto de lectura  |v 1 
650 4 |a POSITIVISMO LOGICO 
900 |a 146.4 LEC 
942 |c BK 
952 |0 0  |1 0  |4 0  |6 146_400000000000000_LEC  |7 0  |8 General  |9 2424  |a BC  |b BC  |c General  |d 2017-08-03  |l 0  |o 146.4 LEC  |p 1302993  |r 2026-01-07 00:00:00  |t 4  |w 2017-08-03  |y BK 
952 |0 0  |1 0  |4 0  |6 146_400000000000000_LEC  |7 0  |8 General  |9 2427  |a BC  |b BC  |c General  |d 2017-08-03  |o 146.4 LEC  |p 1302988  |r 2026-01-07 00:00:00  |t 1  |w 2017-08-03  |y BK 
952 |0 0  |1 0  |4 0  |6 146_400000000000000_LEC  |7 0  |8 General  |9 2428  |a BC  |b BC  |c General  |d 2017-08-03  |l 0  |o 146.4 LEC  |p 1302989  |r 2026-01-07 00:00:00  |t 8  |w 2017-08-03  |y BK 
999 |c 1132  |d 1132